[Event "Challenge"]
[Site "http://www.queenalice.com/game.php?id=1245533"]
[Date "2014.1.5"]
[Round "-"]
[White "RJGF"]
[Black "WarleyPereiraOliveira"]
[Result "0-1"]
[WhiteElo "1919"]
[BlackElo "1500"]

1. d4 d5 2. c4 e6 3. Nc3 Nf6 4. Bg5 Be7 5. Nf3 O-O 6. e3 Nbd7 7. cxd5 exd5 8.
Bd3 c6 9. e4 Nxe4 10. Bxe7 Qxe7 11. O-O Ndf6 12. Nxe4 dxe4 13. Re1 Bg4 14. h3
Bh5 15. Qc2 exd3 16. Rxe7 dxc2 17. Rc1 Bxf3 18. gxf3 Rab8 19. Rxc2 Rfe8 20. Rce2
Kf8 21. Rxe8+ Rxe8 22. Rxe8+ Kxe8 23. Kf1 Kd7 24. Ke2 Ke6 25. Ke3 Kd5 26. b3 Ng8
27. f4 Ne7 28. f3 Nf5+ 29. Kd3 Nxd4 30. Ke3 Nf5+ 31. Kd3 b5 32. b4 Nd4 33. a3
Nxf3 34. Ke3 Nd4 0-1

[Event "Challenge"]
[Site "http://www.queenalice.com/game.php?id=1245534"]
[Date "2014.1.5"]
[Round "-"]
[White "RJGF"]
[Black "WarleyPereiraOliveira"]
[Result "1-0"]
[WhiteElo "1919"]
[BlackElo "1500"]

1. e4 e5 2. Nf3 Nc6 3. Bb5 a6 4. Bxc6 dxc6 5. O-O Bg4 6. d3 Nf6 7. Bg5 Be7 8. h3
Bxf3 9. Qxf3 Qd7 10. Nd2 h6 11. Be3 O-O 12. Nc4 Qe6 13. Qg3 Rfe8 14. f4 Nh5 15.
Qg4 Qxg4 16. hxg4 exf4 17. Bxf4 Nxf4 18. Rxf4 Bg5 19. Rff1 Re6 20. Rf3 Rae8 21.
Raf1 Rf6 22. c3 Rd8 23. d4 Rxf3 24. gxf3 Bf4 25. Na5 Kf8 26. b3 b6 27. Nxc6 Rd6
28. Nb4 c5 29. dxc5 bxc5 30. Nd5 Rxd5 31. exd5 Ke7 32. c4 Kd6 33. Re1 Be5 34.
Kf2 a5 35. Ke3 Ke7 36. Ke4 Kd6 37. f4 Bc3 38. Re2 Bd4 39. Kf5 Kd7 40. a3 g6+ 41.
Ke4 Bg7 42. Rg2 f6 43. f5 g5 44. b4 cxb4 45. axb4 axb4 46. c5 Bf8 47. Kd4 1-0

[Event "RJGF"]
[Site "http://www.queenalice.com/game.php?id=1253024"]
[Date "2014.2.1"]
[Round "1"]
[White "WarleyPereiraOliveira"]
[Black "VFA2013"]
[Result "1-0"]
[WhiteElo "1744"]
[BlackElo "1993"]

1. d4 d5 2. c4 Nf6 3. cxd5 Nxd5 4. e4 Nb6 5. Nc3 e6 6. Nf3 Bb4 7. Qb3 Nc6 8. Bb5
O-O 9. Bxc6 Bxc3+ 10. bxc3 bxc6 11. O-O Rb8 12. Bf4 Ba6 13. Rfe1 Qc8 14. Qc2 h6
15. Qd2 Nc4 16. Qc1 Rb6 17. e5 Qb7 18. Bxh6 Rb8 19. Qg5 Kf8 20. Qxg7+ Ke7 21.
Bg5+ Ke8 22. Qg8+ 1-0

[Event "Duelo Eterno"]
[Site "http://www.queenalice.com/game.php?id=1258242"]
[Date "2014.2.20"]
[Round "-"]
[White "WarleyPereiraOliveira"]
[Black "RJGF"]
[Result "1-0"]
[WhiteElo "1852"]
[BlackElo "2011"]

1. d4 d5 2. c4 c6 3. cxd5 cxd5 4. Nf3 Nf6 5. Nc3 e6 6. Bg5 h6 7. Bh4 g5 8. Bg3
Bd6 9. e3 Bxg3 10. hxg3 Nc6 11. Bb5 Bd7 12. Rc1 a6 13. Bd3 Nb4 14. Bb1 Ke7 15.
a3 Nc6 16. Qd3 Rc8 17. O-O Ng4 18. Nh2 Nxh2 19. Kxh2 h5 20. Rh1 h4 21. g4 f5 22.
gxf5 exf5 23. Nxd5+ Kf8 24. Qd1 g4 25. Kg1 Qg5 26. Nb6 Rd8 27. d5 Ne5 28. Nxd7+
Rxd7 29. Rc8+ Rd8 30. Rxd8+ Qxd8 31. Bxf5 Qg5 32. Be6 g3 33. f4 Qh6 34. Qc2 Qg6
35. Qxg6 Nxg6 36. Kf1 Ke7 37. Ke2 b6 38. Rc1 Nf8 39. Bf5 Rh5 40. e4 Rh6 41. Rc7+
Kd8 42. Rb7 b5 43. e5 Ng6 44. Bxg6 Rxg6 45. Rh7 b4 46. d6 b3 47. Rxh4 Re6 48.
Kf3 Kd7 49. Rh7+ Kd8 50. Ke4 Kc8 51. f5 Re8 52. d7+ 1-0

[Event "Challenge"]
[Site "http://www.queenalice.com/game.php?id=1259114"]
[Date "2014.2.23"]
[Round "-"]
[White "WarleyPereiraOliveira"]
[Black "gsthck"]
[Result "1-0"]
[WhiteElo "1500"]
[BlackElo "1820"]

1. d4 e6 2. c4 Bb4+ 3. Nc3 Nf6 4. Bg5 h6 5. Bd2 c5 6. e3 Nc6 7. Nf3 cxd4 8. exd4
O-O 9. Bd3 d5 10. O-O Nxd4 11. cxd5 exd5 12. Nxd4 Bxc3 13. Bxc3 Bg4 14. f3 Bh5
15. Kh1 Qc7 16. Qd2 Rfe8 17. Nf5 Rad8 18. Bxf6 Re6 19. Bxd8 Qxd8 20. Rfe1 1-0

[Event "Challenge"]
[Site "http://www.queenalice.com/game.php?id=1266138"]
[Date "2014.3.18"]
[Round "-"]
[White "WarleyPereiraOliveira"]
[Black "micbodu75"]
[Result "1-0"]
[WhiteElo "1932"]
[BlackElo "1855"]

1. d4 d5 2. c4 dxc4 3. Nc3 Nf6 4. e4 e6 5. Bxc4 c6 6. Nf3 Bb4 7. Bg5 O-O 8. O-O
b5 9. Bd3 h6 10. Bh4 Bb7 11. e5 g5 12. Nxg5 Be7 13. exf6 Bxf6 14. Nxe6 fxe6 15.
Qg4+ Bg5 16. Qxe6+ Kh8 17. Qg6 Qe7 18. Bxg5 hxg5 19. Rae1 Qg7 20. Qh5+ Kg8 21.
Re5 1-0

[Event "Challenge"]
[Site "http://www.queenalice.com/game.php?id=1267378"]
[Date "2014.3.22"]
[Round "-"]
[White "WarleyPereiraOliveira"]
[Black "Vladimir"]
[Result "1-0"]
[WhiteElo "1972"]
[BlackElo "1894"]

1. d4 d5 2. c4 dxc4 3. Nc3 Nc6 4. e3 e5 5. d5 Nb4 6. Bxc4 c6 7. e4 Nf6 8. Nf3
Bg4 9. Bg5 h6 10. Bxf6 Qxf6 11. a3 Na6 12. dxc6 Nc5 13. Bb5 bxc6 14. Bc4 Rd8 15.
Qe2 Bxf3 16. Qxf3 Qxf3 17. gxf3 Bd6 18. b4 Nd7 19. O-O-O Rb8 20. Rxd6 c5 21. Bb5
Rd8 22. Rhd1 Ke7 23. Rxd7+ Rxd7 24. Rxd7+ 1-0

[Event "Challenge"]
[Site "http://www.queenalice.com/game.php?id=1271416"]
[Date "2014.4.9"]
[Round "-"]
[White "AlekinePb"]
[Black "WarleyPereiraOliveira"]
[Result "0-1"]
[WhiteElo "1889"]
[BlackElo "2008"]

1. d4 Nf6 2. c4 e6 3. Nf3 d5 4. Nc3 dxc4 5. a4 c5 6. e3 Nc6 7. Bxc4 cxd4 8. Nxd4
Bd7 9. Ndb5 Nb4 10. O-O Bc6 11. Bd2 a6 12. Na3 Be7 13. Nc2 Nxc2 14. Rc1 Nb4 15.
f3 O-O 16. e4 Qb6+ 17. Kh1 Rfd8 18. Qe2 Rac8 19. Be3 Qc7 20. Rfd1 Bd6 21. h3 Nh5
22. Kg1 Bh2+ 23. Kh1 Ng3+ 0-1

[Event "Challenge"]
[Site "http://www.queenalice.com/game.php?id=1272979"]
[Date "2014.4.14"]
[Round "-"]
[White "AlekinePb"]
[Black "WarleyPereiraOliveira"]
[Result "0-1"]
[WhiteElo "1879"]
[BlackElo "2091"]

1. d4 d5 2. Nf3 Nf6 3. c4 e6 4. Nc3 Bb4 5. Bg5 O-O 6. e3 c6 7. Bd3 dxc4 8. Bxc4
Qa5 9. Qc2 Bxc3+ 10. Qxc3 Qxc3+ 11. bxc3 Ne4 12. Rc1 Nxg5 13. Nxg5 h6 14. Nf3
Nd7 15. O-O Nf6 16. Bd3 b5 17. a3 a5 18. Ne5 Bb7 19. c4 b4 20. Rb1 Rfd8 21. c5
Nd5 22. axb4 Nxb4 23. Be2 Ba6 24. Bxa6 Rxa6 25. Ra1 f6 26. Nc4 a4 27. Ra3 Rd7
28. Rc1 e5 29. dxe5 Nc2 30. Rc3 a3 31. R3xc2 a2 32. Ra1 Rd1+ 0-1

[Event "Challenge"]
[Site "http://www.queenalice.com/game.php?id=1272980"]
[Date "2014.4.14"]
[Round "-"]
[White "WarleyPereiraOliveira"]
[Black "AlekinePb"]
[Result "1/2-1/2"]
[WhiteElo "2106"]
[BlackElo "1903"]

1. d4 Nf6 2. c4 e5 3. d5 Bc5 4. Bg5 Bxf2+ 5. Kxf2 Ng4+ 6. Ke1 Qxg5 7. Nh3 Qe3 8.
Qd2 d6 9. Nc3 Qxd2+ 10. Kxd2 f5 11. e3 O-O 12. Be2 Nf6 13. Raf1 a5 14. Nf2 Na6
15. Nb5 Bd7 16. Nc3 Nc5 17. h4 c6 18. h5 cxd5 19. cxd5 Be8 20. h6 g6 21. g4 Bf7
22. gxf5 gxf5 23. Rfg1+ Kh8 24. Rg7 Bxd5 25. Nxd5 Nxd5 26. Nh3 Rg8 27. Rhg1 Ne4+
28. Ke1 Rac8 29. Bc4 Nef6 30. Rxg8+ Rxg8 31. Ng5 Rf8 32. Ne6 Rc8 33. Ng5 Kg8 34.
Ne4+ Kf8 1/2-1/2

[Event "Challenge"]
[Site "http://www.queenalice.com/game.php?id=1273686"]
[Date "2014.4.17"]
[Round "-"]
[White "AlekinePb"]
[Black "WarleyPereiraOliveira"]
[Result "0-1"]
[WhiteElo "1879"]
[BlackElo "2074"]

1. d4 d5 2. Nf3 c5 3. Bf4 Nc6 4. e3 Nf6 5. Bb5 Qa5+ 6. Nc3 Ne4 7. Bxc6+ bxc6 8.
O-O Nxc3 9. bxc3 Ba6 10. Re1 Qxc3 11. Ne5 Rc8 12. Qg4 e6 13. Nxf7 Kxf7 14. e4
Qxd4 15. exd5 Qxd5 16. Re5 Qd7 17. Rae1 Bc4 18. Bg3 Bxa2 19. c4 h5 20. Qf4+ Kg8
21. Rxe6 Qf7 22. Qe4 Rh6 23. Rxh6 gxh6 24. Re3 Rd8 25. h3 Rd1+ 26. Kh2 Bb1 27.
Rf3 Bxe4 0-1

[Event "Challenge"]
[Site "http://www.queenalice.com/game.php?id=1273687"]
[Date "2014.4.17"]
[Round "-"]
[White "WarleyPereiraOliveira"]
[Black "AlekinePb"]
[Result "1-0"]
[WhiteElo "2137"]
[BlackElo "1920"]

1. e4 e6 2. d4 d5 3. e5 c5 4. c3 Nc6 5. Nf3 cxd4 6. cxd4 Qb6 7. Bd3 Bd7 8. Bc2
Nge7 9. O-O Nf5 10. Bxf5 exf5 11. Nc3 Be6 12. b3 h6 13. h3 Be7 14. Na4 Qc7 15.
Bb2 b6 16. Rc1 Qb7 17. Qe2 O-O 18. Rc2 Rac8 19. Rfc1 Nb4 20. Rxc8 Rxc8 21. a3
Rxc1+ 22. Bxc1 Nc6 23. Qb5 Kh7 24. b4 Bd7 25. Qxd5 Nd8 26. Qxb7 Nxb7 27. Nc3 Kg8
28. d5 Bd8 29. Kf1 Kf8 30. Ke2 Ke7 31. Nd4 Ke8 32. Kd3 a5 33. Nc6 g5 34. Be3 f6
35. Nxd8 Nxd8 36. e6 Bc8 37. Bxb6 Nb7 38. Bxa5 Nxa5 39. bxa5 Ke7 40. Kd4 Kd6 41.
Nb5+ Ke7 42. Kc5 g4 43. h4 f4 44. a6 Bxa6 45. d6+ Kd8 46. e7+ Kd7 47. Nc7 1-0

[Event "Challenge"]
[Site "http://www.queenalice.com/game.php?id=1273716"]
[Date "2014.4.17"]
[Round "-"]
[White "ZUMBI"]
[Black "WarleyPereiraOliveira"]
[Result "0-1"]
[WhiteElo "2054"]
[BlackElo "2117"]

1. e4 e5 2. Nf3 Nc6 3. Nc3 Nf6 4. Bb5 Nd4 5. Nxe5 Nxb5 6. Nxb5 d5 7. d4 Nxe4 8.
Qf3 Be6 9. Bf4 c6 10. Nc3 Bb4 11. O-O Bxc3 12. bxc3 O-O 13. a4 Qa5 14. c4 Qc3
15. Qh5 Nf6 16. Qh4 Qxd4 17. Qg3 Qe4 18. c3 Nh5 19. Qe3 Qxf4 20. Qxf4 Nxf4 21.
g3 Ne2+ 22. Kg2 Nxc3 23. cxd5 Bxd5+ 24. Kg1 Ne2# 0-1

[Event "Challenge"]
[Site "http://www.queenalice.com/game.php?id=1273717"]
[Date "2014.4.17"]
[Round "-"]
[White "WarleyPereiraOliveira"]
[Black "ZUMBI"]
[Result "1-0"]
[WhiteElo "2036"]
[BlackElo "2054"]

1. d4 d5 2. c4 Nf6 3. Nc3 Nc6 4. cxd5 Nxd5 5. e4 Nxc3 6. bxc3 e5 7. Bb5 Bd7 8.
Nf3 a6 9. Bc4 b5 10. Bd5 b4 11. Ng5 Be6 12. Bxc6+ Bd7 13. Qb3 Bxc6 14. Qxf7# 1-0

[Event "SPEED GAME"]
[Site "http://www.queenalice.com/game.php?id=1285066"]
[Date "2014.5.30"]
[Round "-"]
[White "RJGF"]
[Black "WarleyPereiraOliveira"]
[Result "0-1"]
[WhiteElo "1668"]
[BlackElo "2179"]

1. e4 d6 2. Nf3 Nf6 3. Nc3 c5 4. Bb5+ Nc6 5. O-O g6 6. Bxc6+ bxc6 7. d4 cxd4 8.
Nxd4 Bb7 9. Nf3 Bg7 10. Re1 O-O 11. Bg5 Nd7 12. Qd2 Re8 13. Bh6 Qa5 14. Bxg7
Kxg7 15. e5 Nxe5 16. Nxe5 dxe5 17. Re3 Rad8 18. Qe1 Rd7 19. Rxe5 Qc7 20. Rc5 Qb6
21. Na4 Qd8 22. Nc3 e6 23. Ne4 Rd5 24. Qc3+ e5 25. Rxd5 Qxd5 26. Re1 f5 27. Nc5
Ba8 28. Nd3 c5 29. f3 Qd4+ 30. Qxd4 cxd4 31. Rxe5 Rxe5 32. Nxe5 Kf6 33. Nd7+ Ke7
34. Nc5 Kd6 35. b4 Bd5 36. a4 a5 37. Nb3 d3 38. cxd3 Bxb3 39. bxa5 Bxa4 40. Kf2
Kd5 41. Ke3 g5 42. f4 g4 43. a6 Bc6 44. a7 Kc5 45. g3 h5 46. d4+ Kb6 47. Kd3 Bd5
48. a8=Q Bxa8 49. Kc4 Kc6 50. Kc3 Kd5 51. Kd3 Bb7 52. Ke3 Ba6 53. Kf2 Kxd4 54.
Kg2 Ke3 55. h3 Bb7+ 56. Kg1 gxh3 57. Kh2 Bg2 58. Kg1 Kf3 59. Kh2 Bf1 60. Kg1 Bd3
61. Kh2 Kg4 62. Kg1 Kxg3 63. Kh1 Be2 0-1

[Event "SPEED GAME"]
[Site "http://www.queenalice.com/game.php?id=1285067"]
[Date "2014.5.30"]
[Round "-"]
[White "WarleyPereiraOliveira"]
[Black "RJGF"]
[Result "1-0"]
[WhiteElo "2167"]
[BlackElo "1672"]

1. d4 Nf6 2. c4 d6 3. Nf3 g6 4. Nc3 Bg7 5. Bg5 O-O 6. e3 h6 7. Bh4 c6 8. Bd3 d5
9. cxd5 cxd5 10. Rc1 Nc6 11. Bxf6 Bxf6 12. Qb3 Na5 13. Qxd5 Qxd5 14. Nxd5 Nc6
15. Nxf6+ exf6 16. O-O Bg4 17. Be4 Rac8 18. h3 Bxf3 19. Bxf3 Na5 20. b4 Nc4 21.
Bxb7 Rc7 22. Bd5 Rfc8 23. Rxc4 Rxc4 24. Bxc4 Rxc4 25. Rb1 f5 26. Rb2 g5 27. Kf1
h5 28. Ke2 a6 29. a4 f4 30. b5 axb5 31. axb5 f5 32. b6 fxe3 33. fxe3 Rc8 34. Kd3
Rb8 35. d5 Kf7 36. Kd4 Ke7 37. Ke5 g4 38. Kxf5 gxh3 39. gxh3 Kd6 40. Ke4 Kc5 41.
b7 Kd6 42. Kd4 Kc7 43. e4 h4 44. e5 Rxb7 45. d6+ Kc8 46. Rxb7 Kxb7 47. e6 Kc6
48. Ke5 1-0

[Event "Challenge"]
[Site "http://www.queenalice.com/game.php?id=1285176"]
[Date "2014.5.31"]
[Round "-"]
[White "WarleyPereiraOliveira"]
[Black "eddval"]
[Result "0-1"]
[WhiteElo "2147"]
[BlackElo "2268"]

1. d4 Nf6 2. c4 e6 3. Nc3 Bb4 4. Nf3 b6 5. Bg5 h6 6. Bd2 Bb7 7. a3 Bxc3 8. Bxc3
Ne4 9. Qc2 d6 10. g3 Nd7 11. Bg2 f5 12. Nh4 O-O 13. O-O g5 14. Nf3 Ndf6 15. Nd2
Qe7 16. Nxe4 Bxe4 17. Bxe4 Nxe4 18. f3 Nxc3 19. Qxc3 Rad8 20. e4 f4 21. g4 Kf7
22. Kf2 Rh8 23. h3 h5 24. Rh1 Rh6 25. Rae1 Rdh8 26. Qc1 e5 27. d5 Ke8 28. Qd1
Qh7 29. Qa4+ Kd8 30. Qxa7 hxg4 31. fxg4 Rxh3 32. Qa8+ Ke7 33. Qc6 Qh4+ 0-1

[Event "RJGF"]
[Site "http://www.queenalice.com/game.php?id=1297556"]
[Date "2014.7.27"]
[Round "3"]
[White "WarleyPereiraOliveira"]
[Black "MLGF"]
[Result "1-0"]
[WhiteElo "2167"]
[BlackElo "1765"]

1. d4 d5 2. c4 Nf6 3. cxd5 Nxd5 4. e4 Nf6 5. Nc3 e6 6. Bg5 Be7 7. Nf3 O-O 8. Bd3
Nc6 9. Bc2 h6 10. Be3 Ng4 11. O-O Nxe3 12. fxe3 f5 13. exf5 exf5 14. Rc1 Bg5 15.
Nxg5 Qxg5 16. Nd5 a6 17. Nxc7 Rb8 18. Qf3 Bd7 19. Qd5+ Rf7 20. Bb3 Qxe3+ 21. Kh1
Rf8 22. Qxd7 1-0